বাঙ্গালা সাহিত্য : (Record no. 56284)
[ view plain ]
| 000 -LEADER | |
|---|---|
| fixed length control field | 01060nam a2200241 a 4500 |
| 001 - CONTROL NUMBER | |
| control field | 56284 |
| 003 - CONTROL NUMBER IDENTIFIER | |
| rucl marc code | BD-RjUL |
| 005 - DATE AND TIME OF LATEST TRANSACTION | |
| control field | 20211209080358.0 |
| 008 - FIXED-LENGTH DATA ELEMENTS--GENERAL INFORMATION | |
| fixed length control field | 161128s1934 ii ||||| |||| 00| 0 ben d |
| 020 ## - INTERNATIONAL STANDARD BOOK NUMBER | |
| Terms of availability | : |
| 035 ## - SYSTEM CONTROL NUMBER | |
| System control number | (BD-RjUL)56408 |
| 040 ## - CATALOGING SOURCE | |
| Original cataloging agency | BD-RjUL |
| Language of cataloging | ben |
| Transcribing agency | BD-RjUL |
| 041 ## - LANGUAGE CODE | |
| Language code of text/sound track or separate title | ben |
| 082 ## - DEWEY DECIMAL CLASSIFICATION NUMBER | |
| Edition number | 23 |
| Classification number | 891.4409 |
| Author mark and year | HAB 1934 |
| 100 ## - MAIN ENTRY--PERSONAL NAME | |
| Personal name | হক, মুহম্মদ এনামুল |
| 9 (RLIN) | 167483 |
| 245 10 - TITLE STATEMENT | |
| Title | বাঙ্গালা সাহিত্য : |
| Remainder of title | খ্রীষ্টীয় ১৬০০-১৭০০ অব্দ / |
| Statement of responsibility, etc. | মুহম্মদ এনামুল হক; আবদুল করিম |
| 260 ## - PUBLICATION, DISTRIBUTION, ETC. (IMPRINT) | |
| Place of publication, distribution, etc. | কলিকাতা : |
| Name of publisher, distributor, etc. | গুরুদাস চট্রোপাধ্যায়, |
| Date of publication, distribution, etc. | ১৯৩৪ |
| 300 ## - PHYSICAL DESCRIPTION | |
| Pagination | ১২৬ পৃ. ; |
| Size | ২৫ সেমি . |
| 650 ## - SUBJECT ADDED ENTRY--TOPICAL TERM | |
| Topical term or geographic name as entry element | বাংলা সাহিত্য |
| General subdivision | ইতিহাস ও সমালোচনা |
| 9 (RLIN) | 167484 |
| Topical term or geographic name as entry element | Bengali Literature |
| General subdivision | History & Criticism |
| 9 (RLIN) | 167485 |
| 700 ## - ADDED ENTRY--PERSONAL NAME | |
| Personal name | করিম, আবদুল |
| 942 ## - ADDED ENTRY ELEMENTS (KOHA) | |
| Source of classification or shelving scheme | Dewey Decimal Classification |
| Koha item type | Books |
| Lost status | Source of classification or shelving scheme | Damaged status | Not for loan | Collection code | Permanent Location | Current Location | Shelving location | Date acquired | Source of acquisition | Cost, normal purchase price | Total Checkouts | Full call number | Date last seen | Copy number | Koha item type |
|---|---|---|---|---|---|---|---|---|---|---|---|---|---|---|---|
| Dewey Decimal Classification | Non-fiction | Central Library, University of Rajshahi | Central Library, University of Rajshahi | 19/06/1983 | RUCL | 0.00 | B 891.4409 HAB 1934 | 28/11/2016 | C-2 | Books |